| 000 -LEADER |
| fixed length control field |
01290cam a22003374a 4500 |
| 001 - CONTROL NUMBER |
| control field |
11820604 |
| 005 - DATE AND TIME OF LATEST TRANSACTION |
| control field |
20200220164908.0 |
| 008 - FIXED-LENGTH DATA ELEMENTS--GENERAL INFORMATION |
| fixed length control field |
991026s2000 mtua b 001 0 eng |
| 010 ## - LIBRARY OF CONGRESS CONTROL NUMBER |
| LC control number |
99068343 |
| 020 ## - INTERNATIONAL STANDARD BOOK NUMBER |
| International Standard Book Number |
1892784076 (pbk. : alk. paper) |
| 040 ## - CATALOGING SOURCE |
| Original cataloging agency |
DLC |
| Language of cataloging |
eng |
| Transcribing agency |
DLC |
| Modifying agency |
DLC |
| 041 ## - LANGUAGE CODE |
| Language code of text/sound track or separate title |
eng |
| 042 ## - AUTHENTICATION CODE |
| Authentication code |
pcc |
| 043 ## - GEOGRAPHIC AREA CODE |
| Geographic area code |
n-us--- |
| 050 00 - LIBRARY OF CONGRESS CALL NUMBER |
| Classification number |
QK99.U6 |
| Item number |
E46 2000 |
| 080 ## - UNIVERSAL DECIMAL CLASSIFICATION NUMBER |
| Universal Decimal Classification number |
581.023 E- 46 |
| 082 00 - DEWEY DECIMAL CLASSIFICATION NUMBER |
| Classification number |
581.6/34/0973 |
| Edition number |
21 |
| 100 1# - MAIN ENTRY--PERSONAL NAME |
| Personal name |
Elpel, Thomas J. |
| 9 (RLIN) |
7288 |
| 245 10 - TITLE STATEMENT |
| Title |
Botany in a day : |
| Remainder of title |
Thomas J. Elpel's herbal field guide to plant families / |
| Statement of responsibility, etc. |
[Thomas J. Elpel]. |
| 250 ## - EDITION STATEMENT |
| Edition statement |
4th ed., rev. and expanded |
| 264 ## - PRODUCTION, PUBLICATION, DISTRIBUTION, MANUFACTURE, AND COPYRIGHT NOTICE |
| Place of production, publication, distribution, manufacture |
Pony, Mont. : |
| Name of producer, publisher, distributor, manufacturer |
HOPS Press, |
| Date of production, publication, distribution, manufacture, or copyright notice |
2000. |
| 300 ## - PHYSICAL DESCRIPTION |
| Extent |
196 p. : |
| Other physical details |
ill. ; |
| Dimensions |
28 cm. |
| 504 ## - BIBLIOGRAPHY, ETC. NOTE |
| Bibliography, etc. note |
Includes bibliographical references (p. 187-189). |
| 650 #0 - SUBJECT ADDED ENTRY--TOPICAL TERM |
| Topical term or geographic name entry element |
Medicinal plants |
| Geographic subdivision |
United States |
| Form subdivision |
Identification. |
| 9 (RLIN) |
7289 |
| 650 #0 - SUBJECT ADDED ENTRY--TOPICAL TERM |
| Topical term or geographic name entry element |
Botany |
| Geographic subdivision |
United States. |
| 9 (RLIN) |
7290 |
| 653 ## - INDEX TERM--UNCONTROLLED |
| keyword |
ბოტანიკა |
| 653 ## - INDEX TERM--UNCONTROLLED |
| keyword |
მცენარეთა იდენტიფიკაციის ნიმუშების მეთოდი |
| 906 ## - LOCAL DATA ELEMENT F, LDF (RLIN) |
| a |
7 |
| b |
cbc |
| c |
orignew |
| d |
2 |
| e |
epcn |
| f |
19 |
| g |
y-gencatlg |
| 942 ## - ADDED ENTRY ELEMENTS (KOHA) |
| Source of classification or shelving scheme |
|
| Koha item type |
წიგნი |